University Home | Library Home | Institutional Repository

American Journal of Roentgenology (Record no. 48760)

MARC details
000 -LEADER
fixed length control field 00447cas a2200157 4500
008 - FIXED-LENGTH DATA ELEMENTS--GENERAL INFORMATION
fixed length control field 120629n eng u
022 ## - INTERNATIONAL STANDARD SERIAL NUMBER
International Standard Serial Number 0361803X
035 ## - SYSTEM CONTROL NUMBER
System control number (Sirsi) a176750
050 ## - LIBRARY OF CONGRESS CALL NUMBER
Classification number RM844.A5T6R6
245 ## - TITLE STATEMENT
Title American Journal of Roentgenology
260 ## - PUBLICATION, DISTRIBUTION, ETC.
Place of publication, distribution, etc. Baltimore
Name of publisher, distributor, etc. Williams and Willkins
Date of publication, distribution, etc. 1989.
310 ## - CURRENT PUBLICATION FREQUENCY
Current publication frequency Monthly
362 ## - DATES OF PUBLICATION AND/OR SEQUENTIAL DESIGNATION
Dates of publication and/or sequential designation vol.152, no.1-12, 1989 - vol. 155, nos. 1-12, 1992
650 ## - SUBJECT ADDED ENTRY--TOPICAL TERM
Topical term or geographic name entry element Radiology
700 ## - ADDED ENTRY--PERSONAL NAME
Personal name Berk,N Robert

No items available.

© 2026 - The University of Zambia Library - Koha v25.11